000 00725nam a22002417a 4500
999 _c9177
_d9177
001 9177
003 BD-JhCC
005 20181001174411.0
008 180215s1999 bg a|||| |||| 000 0bben d
020 _a9845550081
035 _a(BD-JhCC) 9177
040 _aBD-JhCC
_dBD-JhCC
041 _aben
082 _a780.1
_bHAQ 1999
100 _aহক, আসাদুল
245 _aনজরুল যখন বেতারে :
_b ১৯২৮-১৯৪২ /
_cআসাদুল হক
260 _aঢাকা :
_bবাংলাদেশ শিল্পকলা একাডেমী,
_c1999.
300 _a242 p. :
_c22 cm.
_bill. ;
650 _aMusician
650 _aRabio
942 _2ddc
_cBK